[Event "II Weekend A"]
[Site "Cornuda ITA"]
[Date "2000.01.??"]
[Round "5"]
[White "Ausmins, Elmar"]
[Black "Ventura, Boris"]
[WhiteElo "2255"]
[BlackElo "2131"]
[Result "0-1"]
[PlyCount "138"]
[EventDate "2000.01.28"]

1. d4 Nf6 2. Nf3 d6 3. Nc3 g6 4. e4 Bg7 5. Bg5 c6 6. a4 Bg4 7. Be2 h6 8. Be3
O-O 9. Qd2 Kh7 10. O-O Bxf3 11. Bxf3 e5 12. Rfd1 Qc7 13. Ra3 Nbd7 14. d5 c5 15.
a5 a6 16. Na4 Nxe4 17. Bxe4 f5 18. Bxh6 fxe4 19. Rh3 Rh8 20. Qg5 Nf6 21. Nb6
Rad8 22. g4 Qf7 23. Nc4 Kg8 24. Bxg7 Kxg7 25. Rxh8 Kxh8 26. h3 Kh7 27. c3 Rd7
28. Ne3 Ne8 29. Qh4+ Kg8 30. g5 Qf3 31. Re1 Rh7 32. Qg4 Rxh3 33. Qxf3 exf3 34.
b4 cxb4 35. c4 Ng7 36. Rb1 Nh5 37. Nf1 Nf4 38. Ng3 Ne2+ 39. Nxe2 fxe2 40. Re1
Rc3 41. Rxe2 Rxc4 42. Rb2 Kf7 43. f3 Ke8 44. Kf2 Kd7 45. Ke3 Rd4 46. Rb1 Rxd5
47. Rxb4 Rb5 48. Ra4 Ke6 49. f4 exf4+ 50. Kxf4 Rf5+ 51. Kg4 Kd7 52. Rb4 Kc6 53.
Rc4+ Rc5 54. Re4 Rxa5 55. Re6 b5 56. Rxg6 b4 57. Rg8 b3 58. Rc8+ Kd5 59. g6 Ra1
60. Rb8 Rg1+ 61. Kf5 Kc4 62. Rc8+ Kd3 63. Rb8 Kc2 64. Rc8+ Kb2 65. Rc4 Ka3 66.
Rc6 a5 67. Rb6 b2 68. Kf6 b1=Q 69. Rxb1 Rxb1 0-1

[Event "II Weekend A"]
[Site "Cornuda ITA"]
[Date "2000.01.??"]
[Round "5"]
[White "Cacco, Christian"]
[Black "Genocchio, Daniele"]
[WhiteElo "2263"]
[BlackElo "2245"]
[Result "1-0"]
[PlyCount "76"]
[EventDate "2000.01.28"]

1. d4 Nf6 2. Nf3 c5 3. e3 b6 4. Bd3 Bb7 5. Nbd2 e6 6. c3 Na6 7. O-O Nc7 8. Re1
Be7 9. Qe2 d6 10. e4 O-O 11. a3 Nd7 12. e5 cxd4 13. cxd4 Nd5 14. Ne4 dxe5 15.
Nxe5 f5 16. Nc3 Nxc3 17. bxc3 Rc8 18. Bd2 Nf6 19. f3 Rc7 20. Nc4 Bc8 21. Bf4
Rb7 22. Be5 Qd7 23. Qa2 Nd5 24. Rac1 Rd8 25. Ne3 b5 26. Nxd5 exd5 27. Bc2 Rb6
28. Ra1 Bb7 29. a4 a6 30. Qb1 Rf8 31. Bd3 Bg5 32. f4 Bd8 33. axb5 axb5 34. Ra2
Rf7 35. Rb2 Bc6 36. Qc2 Be7 37. Reb1 Rf8 38. c4 dxc4 1-0

[Event "II Weekend A"]
[Site "Cornuda ITA"]
[Date "2000.01.??"]
[Round "5"]
[White "Caruso, Augusto"]
[Black "Efimov, Igor"]
[WhiteElo "2260"]
[BlackElo "2537"]
[Result "0-1"]
[PlyCount "122"]
[EventDate "2000.01.28"]

1. e4 c5 2. Nf3 d6 3. d4 cxd4 4. Nxd4 Nf6 5. Nc3 Nc6 6. Bg5 e6 7. Qd2 a6 8.
O-O-O h6 9. Bh4 Nxe4 10. Qf4 Ng5 11. Nxc6 bxc6 12. Qa4 Qb6 13. f4 Nh7 14. Bd3
Rb8 15. Rhe1 Bd7 16. Nd5 Qb7 17. b3 a5 18. Rd2 Ng5 19. Ne3 Qb4 20. Qxb4 Rxb4
21. Nc4 Nh7 22. c3 Rxc4 23. Bxc4 g6 24. Kc2 d5 25. Bd3 Bd6 26. f5 gxf5 27. Bxf5
Ng5 28. h3 Ke7 29. Ree2 e5 30. Bxd7 Kxd7 31. Bf2 f5 32. Bb6 Ra8 33. c4 Ke6 34.
cxd5+ cxd5 35. Rd4 Ra6 36. Bd8 Nf7 37. Bh4 Rc6+ 38. Kb2 e4 39. Ra4 Ne5 40. Rc2
Nd3+ 41. Kb1 Ra6 42. Bd8 Ra8 43. Bb6 Bb4 44. a3 Be1 45. Rc6+ Kd7 46. Rxh6 Bd2
47. Rh7+ Ke6 48. Kc2 Be1 49. Rh6+ Kf7 50. Rh7+ Kf6 51. Rh6+ Kg5 52. Rc6 Kf4 53.
Kd1 Rg8 54. Bc7+ Ke3 55. Bb6+ Kf4 56. Bc7+ Kg5 57. Rd4 Bf2 58. Rxd5 Nf4 59.
Bxf4+ Kxf4 60. Rf6 Ke3 61. Rfxf5 Rxg2 0-1

[Event "II Weekend A"]
[Site "Cornuda ITA"]
[Date "2000.01.??"]
[Round "5"]
[White "De Bortoli, Peter"]
[Black "Forato, Piero"]
[WhiteElo "2225"]
[BlackElo "1761"]
[Result "1-0"]
[PlyCount "41"]
[EventDate "2000.01.28"]

1. e4 c5 2. Nf3 d6 3. d4 cxd4 4. Nxd4 Nf6 5. Nc3 a6 6. Bc4 e6 7. O-O Be7 8. f4
b5 9. Bb3 Bb7 10. f5 e5 11. Nde2 Nbd7 12. Bg5 Nc5 13. Bxf6 Bxf6 14. Ng3 Bg5 15.
Bd5 Be3+ 16. Kh1 Bd4 17. Bxb7 Nxb7 18. Nd5 Bxb2 19. Qg4 Qa5 20. Rab1 Bd4 21.
Nh5 1-0

[Event "II Weekend A"]
[Site "Cornuda ITA"]
[Date "2000.01.??"]
[Round "5"]
[White "Pastres, Roberto"]
[Black "Luciani, Valerio"]
[WhiteElo "2212"]
[BlackElo "2156"]
[Result "1/2-1/2"]
[PlyCount "51"]
[EventDate "2000.01.28"]

1. e4 e6 2. b3 d5 3. Bb2 Nf6 4. e5 Nfd7 5. d4 c5 6. c3 Nc6 7. f4 cxd4 8. cxd4
Bb4+ 9. Nd2 f5 10. Ngf3 O-O 11. Bd3 Be7 12. O-O Kh8 13. Kh1 Rg8 14. g4 g6 15.
h3 Nf8 16. Rg1 Bd7 17. Nf1 Nb4 18. Be2 Rc8 19. Ne3 Qe8 20. a3 Nc6 21. Qd2 Qd8
22. b4 a6 23. Rg2 Be8 24. Rag1 Bf7 25. Bd3 Qd7 26. Qf2 1/2-1/2

[Event "II Weekend A"]
[Site "Cornuda ITA"]
[Date "2000.01.??"]
[Round "5"]
[White "Pegoraro, Nicola"]
[Black "Fregonese, Giulio"]
[WhiteElo "2060"]
[BlackElo "2117"]
[Result "0-1"]
[PlyCount "95"]
[EventDate "2000.01.28"]

1. e4 e5 2. Nf3 Nc6 3. d4 exd4 4. Bc4 Nf6 5. O-O Nxe4 6. Re1 d5 7. Bxd5 Qxd5 8.
Nc3 Qa5 9. Nxe4 Be6 10. Neg5 O-O-O 11. Nxe6 fxe6 12. Rxe6 Qf5 13. Qe2 Bc5 14.
Bg5 Rd5 15. Re1 h6 16. Re8+ Rxe8 17. Qxe8+ Nd8 18. Bxd8 Rxd8 19. Qe4 Qf6 20.
Re2 c6 21. Ne1 Rd5 22. Nd3 Bd6 23. b3 Kc7 24. a4 a6 25. Re1 Qg5 26. Re2 Qf6 27.
Re1 Qf7 28. Re2 Kb6 29. Re1 c5 30. Nb2 Ka7 31. Nc4 Qd7 32. a5 Bc7 33. Qd3 Rh5
34. h3 Rg5 35. Qf3 Qd8 36. Ra1 Rd5 37. Qd3 Qg5 38. Re1 Qf4 39. g3 Qf6 40. Kg2
Qd8 41. Ra1 Qe8 42. Kf1 Qe6 43. Kg2 Rh5 44. Rh1 Qf5 45. Re1 Qd5+ 46. Qe4 Qf7
47. Re2 g5 48. f3 0-1